00719 2200265 4500001002100000005001700021020002200038035002500060040001200085082001700097084001700114100002400131245005100155250001700206260003300223300004500256500003100301650002400332850001200356990001700368990001700385990001700402990001700419990001700436YOGYA00000000010133120151019095148.0 a978-602-262-048-8 a0010-031400000000167 aYOPDYOG 2[22]a621.39 a621.39 Bam K aBAMBANG EKA PURNAMA aKonsep Dasar Multimediac/ Bambang Eka Purnama aEd.1, cet. 1 aYogyakartabGraha Ilmuc2013 axv, 145 hlm. :bilus. ;c25 cm. (5 eks.) aBibliografi : hlm. 143-145 aKomputer Multimedia aYOPDYOG a5706/PD.2014 a5707/PD.2014 a5708/PD.2014 a5709/PD.2014 a5710/PD.2014